La ingeniería de la exportación /
Guardado en:
| Autor Principal: | |
|---|---|
| Formato: | Libro |
| Idioma: | Spanish |
| Publicado: |
México :
McGraw-Hill,
c2004.
|
| Edición: | 4a ed. |
| Etiquetas: |
Agregar Etiqueta
Sin Etiquetas, Sea el primero en etiquetar este registro!
|
| LEADER | 00514nam a22001695a 4500 | ||
|---|---|---|---|
| 001 | EEA.libagro007779 | ||
| 005 | 20140214105109.0 | ||
| 008 | 130809s2004####mx#a##########000#0#spa#d | ||
| 020 | |a 9701042360 | ||
| 082 | 0 | 4 | |a 382.6 |
| 100 | 1 | |a Minervini, Nicola. | |
| 245 | 1 | 3 | |a La ingeniería de la exportación / |c Nicola Minervini. |
| 246 | 1 | |a Manual del exportador | |
| 250 | |a 4a ed. | ||
| 260 | |a México : |b McGraw-Hill, |c c2004. | ||
| 300 | |a xxx, 385 p. : |b il. ; |c 23 cm. | ||
| 859 | |a AR-BbBCA |b BIB. AGRONOMIA |h 382.6 |i M664a4 |p 2007/5168 | ||
